Service charge residential management code (Record no. 115790)
[ view plain ]
| 000 -LEADER | |
|---|---|
| fixed length control field | 02460cad a22003255a 4500 |
| 001 - CONTROL NUMBER | |
| control field | L159303 |
| 005 - DATE AND TIME OF LATEST TRANSACTION | |
| control field | 20260317111649.0 |
| 008 - FIXED-LENGTH DATA ELEMENTS--GENERAL INFORMATION | |
| fixed length control field | 160603e2016 xxk 000 0 eng u |
| 020 ## - INTERNATIONAL STANDARD BOOK NUMBER | |
| International Standard Book Number | 9781783211418 |
| 035 ## - SYSTEM CONTROL NUMBER | |
| System control number | (Sirsi) u159303 |
| 041 0# - LANGUAGE CODE | |
| Language code of text/sound track or separate title | eng |
| 050 04 - LIBRARY OF CONGRESS CALL NUMBER | |
| Classification number | 333.33 $2 18 |
| 110 2# - MAIN ENTRY--CORPORATE NAME | |
| Corporate name or jurisdiction name as entry element | Royal Institution of Chartered Surveyors |
| 9 (RLIN) | 4900 |
| 245 00 - TITLE STATEMENT | |
| Title | Service charge residential management code |
| Remainder of title | and additional advice to landlords, leaseholders and agents |
| Medium | [electronic resource] |
| 250 ## - EDITION STATEMENT | |
| Edition statement | 3rd ed. |
| 260 ## - PUBLICATION, DISTRIBUTION, ETC. | |
| Place of publication, distribution, etc. | London, |
| Name of publisher, distributor, etc. | RICS, |
| Date of publication, distribution, etc. | 2016 |
| 490 ## - SERIES STATEMENT | |
| Series statement | RICS code of practice |
| 520 ## - SUMMARY, ETC. | |
| Summary, etc. | This Code has been approved by the Secretary of State and is effective from 1 June 2016. It applies only to residential leasehold properties in England but practitioners operating in other parts of the UK are encouraged to follow the best practice guidelines contained in the Code. This Code has been prepared to promote desirable practices in respect of the management of residential leasehold property. Successful management can only be achieved through cooperation and a mutual understanding of the procedures necessary for the effective management of property as well as of the problems that can arise. It is intended to be read by landlords, leaseholders, managing agents, managers and occupiers of leasehold property. Although most of the Code is aimed directly at managing agents of residential leasehold property, parts are specifically intended for other parties such as owners and professional advisers. Whilst there are cost implications of managing residential properties to the standard specified by this Code, the benefits in terms of improved service and the level of satisfaction should make any additional cost worthwhile in the long run. A managing agent should provide a compliant, transparent and value for money service. |
| 520 ## - SUMMARY, ETC. | |
| Summary, etc. | Supersedes 2nd edition (ISBN 9781842191682) |
| 520 ## - SUMMARY, ETC. | |
| Summary, etc. | Superseded by 4th edition from 7th April 2026 (ISBN 9781783215522) |
| 521 ## - TARGET AUDIENCE NOTE | |
| Target audience note | Advanced |
| 590 ## - LOCAL NOTE (RLIN) | |
| Local note | KA |
| 650 24 - SUBJECT ADDED ENTRY--TOPICAL TERM | |
| Topical term or geographic name entry element | LEASEHOLD REFORM, HOUSING AND URBAN DEVELOPMENT ACT 1993 S87 |
| 650 24 - SUBJECT ADDED ENTRY--TOPICAL TERM | |
| Topical term or geographic name entry element | COMMONHOLD AND LEASEHOLD REFORM ACT 2002 |
| 651 #4 - SUBJECT ADDED ENTRY--GEOGRAPHIC NAME | |
| Geographic name | England |
| Chronological subdivision | 886- |
| 690 ## - LOCAL SUBJECT ADDED ENTRY--TOPICAL TERM (OCLC, RLIN) | |
| Topical term or geographic name as entry element | Landlord and tenant |
| 9 (RLIN) | 6252 |
| 690 ## - LOCAL SUBJECT ADDED ENTRY--TOPICAL TERM (OCLC, RLIN) | |
| Topical term or geographic name as entry element | Residential property |
| 9 (RLIN) | 6266 |
| 856 41 - ELECTRONIC LOCATION AND ACCESS | |
| Uniform Resource Identifier | <a href="https://www.rics.org/content/dam/ricsglobal/documents/standards/Service_Charge_Residential_Management_Code_3rd_edition.pdf">https://www.rics.org/content/dam/ricsglobal/documents/standards/Service_Charge_Residential_Management_Code_3rd_edition.pdf</a> |
| Public note | View the 3rd edition here |
| 942 ## - ADDED ENTRY ELEMENTS (KOHA) | |
| Suppress in OPAC | 0 |
| Source of classification or shelving scheme | Dewey Decimal Classification |
| Withdrawn status | Lost status | Source of classification or shelving scheme | Damaged status | Not for loan | Home library | Current library | Shelving location | Date acquired | Total Checkouts | Full call number | Barcode | Date last seen | Copy number | Price effective from | Koha item type |
|---|---|---|---|---|---|---|---|---|---|---|---|---|---|---|---|
| Dewey Decimal Classification | London | London | RICS Boxes | 06/07/2016 | RICS 2016/5 | 30078998 | 06/08/2019 | 1 | 06/08/2019 | Archive | |||||
| Dewey Decimal Classification | London | London | RICS Boxes | 06/07/2016 | RICS 2016/5 | 30078995 | 06/08/2019 | 1 | 06/08/2019 | Reference material | |||||
| Dewey Decimal Classification | London | London | RICS Boxes | 06/07/2016 | RICS 2016/5 | 30078316 | 06/08/2019 | 2 | 06/08/2019 | Book | |||||
| Dewey Decimal Classification | Virtual | Virtual | Online | 03/06/2016 | ONLINE PUBLICATION | 159303-2001 | 22/03/2023 | 1 | 06/08/2019 | Book |